Health and environment /

Bibliographic Details
Main Author: Hill, Leonard Erskine, 1866-
Other Authors: Campbell, Argyll
Format: Book
Language:English
Published: New York : London : Longmans, Green & co.; E. Arnold & co., 1925.
Subjects:

MARC

Tag First Indicator Second Indicator Subfields
LEADER 00000cam a2200000 4500
001 in00000032653
005 20151007061829.0
008 760122s1925 nyuaf 00110 engm
010 |a  25018684  
035 |a (OCoLC)01940858 
035 |9 AAD3204AM 
040 |a DLC  |c ZIH  |d ZIH  |d TXA  |d UtOrBLW 
049 |a TXAM  |c [29518] 
050 0 |a RA418  |b .H5 
092 |a 613.11  |b H64h 
100 1 |a Hill, Leonard Erskine,  |d 1866- 
245 1 0 |a Health and environment /  |c by Leonard Hill ... and Argyll Campbell ... 
264 1 |a New York :  |b Longmans, Green & co.;  |a London :  |b E. Arnold & co.,  |c 1925. 
300 |a xi, 208 pages :  |b illustrations VII plate (including frontispiece) diagrams (1 folded) ;  |c 22 cm. 
336 |a text  |b txt  |2 rdacontent 
337 |a unmediated  |b n  |2 rdamedia 
338 |a volume  |b nc  |2 rdacarrier 
500 |a Printed in Great Britain. 
500 |a The present work embodies the substance of "The science of ventilation and open-air treatment", parts I and II (Medical research council's Special report, series nos. 32 and 52) and "The kata-thermometer in studies of body heat and efficiency" (Medical research council's Special report series number 73) cf. Pref. 
505 0 |a Impurities and unfavourable conditions of the atmosphere.--The kata-thermometer in ventilation and heating.--Evidence of the effect of surrounding conditions upon health.--Concerning clothes.--Colds.--Light.--Food.--The kata-thermometer.--The skin.--Metabolism. 
650 0 |a Hygiene. 
700 1 |a Campbell, Argyll. 
999 |a MARS 
999 f f |s 3369b0d7-c7d4-311c-9bd3-f0ae68215da1  |i b440371d-15be-3784-9cfd-9b5244acfd44  |t 0 
952 f f |p ric  |a Texas A&M University  |b Rellis Campus  |c Joint Library Facility  |d Remote Storage  |t 0  |e RA418 .H5  |h Library of Congress classification  |i unmediated -- volume  |m A14801028773 
998 f f |a RA418 .H5  |t 0  |l Remote Storage